000 00519nam a22001577a 4500
082 _a621
100 _aAli, Rahmat
245 _aDesign & Evaluation of Low Speed Wind Tunnel Circuit
_cRahmat Ali
260 _aIslamabad :
_bSMME - NUST,
_c2015.
300 _a36 p. ;
_c30cm.
650 _aMechanical Engineering-MS-Thesis
_916090
700 _aDr. Muhammad Sajid
_916974
856 _uhttp://10.250.8.41:8080/xmlui/handle/123456789/12843
942 _2ddc
_cTHE
999 _c541096
_d541096